[Event "Ceriano Laghetto op-B 18th"]
[Site "Ceriano Laghetto"]
[Date "2009.03.27"]
[Round "1"]
[White "Magistroni, Imerio"]
[Black "Colombo, Sandro"]
[Result "0-1"]
[WhiteElo "1632"]
[BlackElo "1844"]
[PlyCount "52"]
[EventDate "2009.03.27"]
[EventType "swiss"]
[EventRounds "5"]
[EventCountry "ITA"]
[SourceTitle "EXT 2011"]
[Source "ChessBase"]
[SourceDate "2010.11.26"]
[SourceVersion "1"]
[SourceVersionDate "2010.11.26"]
[SourceQuality "1"]

1. d4 d5 2. c4 dxc4 3. e4 e5 4. Nf3 exd4 5. Bxc4 Bb4+ 6. Nbd2 c5 7. Qb3 Nh6 8. 0-0 0-0 9. Ne5 Qf6 10. Ndf3 Be6 11. a3 Bxc4 12. Qxc4 Ba5 13. Qxc5 Bb6 14. Qc4 Re8 15. Bg5 Qe6 16. Bxh6 gxh6 17. Qxe6 Rxe6 18. Rfe1 Nc6 19. Nd3 Rae8 20. Nd2 Ne5 21. Nxe5 Rxe5 22. f3 Rc8 23. Rac1 Rec5 24. Nb3 Rxc1 25. Rxc1 Rxc1+ 26. Nxc1 d3+ 0-1

[Event "Corsico op-C 38th"]
[Site "Corsico"]
[Date "2008.05.04"]
[Round "6"]
[White "Reale, Simone"]
[Black "Magistroni, Imerio"]
[Result "1-0"]
[WhiteElo "1600"]
[BlackElo "1661"]
[PlyCount "35"]
[EventDate "2008.05.01"]
[EventType "swiss"]
[EventRounds "6"]
[EventCountry "ITA"]
[SourceTitle "EXT 2011"]
[Source "ChessBase"]
[SourceDate "2010.11.26"]
[SourceVersion "1"]
[SourceVersionDate "2010.11.26"]
[SourceQuality "1"]

1. d4 Nf6 2. c4 g6 3. Nc3 Bg7 4. e4 d6 5. f4 0-0 6. Nf3 Bg4 7. Be2 c5 8. d5 Nfd7 9. Be3 a6 10. 0-0 Qc7 11. Qe1 f5 12. Ng5 Rf6 13. Bxg4 fxg4 14. Ne6 Qc8 15. Qh4 Nf8 16. Nxg7 Kxg7 17. e5 Rf5 18. Qxe7+ 1-0

[Event "Gorgonzola op-C 12th"]
[Site "Gorgonzola"]
[Date "2007.11.18"]
[Round "5"]
[White "Brighenti, Alessandro"]
[Black "Magistroni, Imerio"]
[Result "0-1"]
[WhiteElo "1614"]
[BlackElo "1597"]
[PlyCount "110"]
[EventDate "2007.11.10"]
[EventType "swiss"]
[EventRounds "6"]
[EventCountry "ITA"]
[SourceTitle "EXT 2010"]
[Source "ChessBase"]
[SourceDate "2010.11.25"]
[SourceVersion "1"]
[SourceVersionDate "2010.11.25"]
[SourceQuality "1"]

1. e4 e5 2. f4 d5 3. exd5 exf4 4. Nf3 Nf6 5. Bc4 Bd6 6. Qe2+ Qe7 7. Qxe7+ Bxe7 8. 0-0 0-0 9. Re1 Bd6 10. d4 Bf5 11. Bb3 Nbd7 12. Nc3 a6 13. Ne2 Bg4 14. Bxf4 Rfe8 15. h3 Bxf3 16. gxf3 Nh5 17. Bd2 Re7 18. c4 Rae8 19. Kf2 c6 20. c5 Nxc5 21. dxc5 Bxc5+ 22. Kf1 cxd5 23. a3 Rxe2 24. Rxe2 Ng3+ 25. Kg2 Rxe2+ 26. Kxg3 Bf2+ 27. Kf4 Rxd2 28. Rd1 Rd4+ 29. Rxd4 Bxd4 30. Bxd5 b6 31. b3 Kf8 32. Ke4 Bc5 33. b4 Bd6 34. Bb7 a5 35. bxa5 bxa5 36. a4 Ke7 37. Kd5 Bb4 38. Ke5 Bc3+ 39. Kd5 Kf6 40. Kd6 Kg5 41. Bc8 h5 42. Ke7 f5 43. Ke6 f4 44. Kf7 Kh4 45. Kg6 Kg3 46. Bb7 h4 47. Kf5 Kxh3 48. Kxf4 Bd2+ 49. Ke4 Kg3 50. Kd3 Bf4 51. Bc8 h3 52. Bxh3 Kxh3 53. Ke4 g5 54. Kf5 Kg3 55. Ke4 Kf2 0-1

[Event "Gorgonzola op-C 12th"]
[Site "Gorgonzola"]
[Date "2007.11.17"]
[Round "4"]
[White "Magistroni, Imerio"]
[Black "Bianchi, Paolo"]
[Result "1/2-1/2"]
[WhiteElo "1597"]
[BlackElo "1619"]
[PlyCount "55"]
[EventDate "2007.11.10"]
[EventType "swiss"]
[EventRounds "6"]
[EventCountry "ITA"]
[SourceTitle "EXT 2010"]
[Source "ChessBase"]
[SourceDate "2010.11.25"]
[SourceVersion "1"]
[SourceVersionDate "2010.11.25"]
[SourceQuality "1"]

1. d4 Nf6 2. c4 g6 3. Nc3 d5 4. cxd5 Nxd5 5. e4 Nxc3 6. bxc3 Bg7 7. Bc4 0-0 8. Ne2 c5 9. Be3 e6 10. 0-0 Nc6 11. f4 cxd4 12. cxd4 Na5 13. Bd3 a6 14. e5 b5 15. Rc1 Bb7 16. Rc5 Rc8 17. Qc2 Rxc5 18. Qxc5 Qd7 19. Qc3 Qd5 20. Rf2 Nc4 21. Bxc4 Qxc4 22. Qxc4 bxc4 23. Nc3 Bd5 24. Rb2 Ra8 25. Kf2 Bf8 26. Rb6 Be7 27. g3 a5 28. Nxd5 1/2-1/2